Statistics for Grey's Anatomy Specialties

Click here to take the quiz!

General Stats

  • This quiz has been taken 438 times
  • The average score is 31 of 42

Answer Stats

HintAnswer% Correct
Cristina YangCardio
99%
Meredith GreyGeneral
99%
Derek ShepherdNeuro
99%
Richard WebberGeneral
98%
Preston BurkeCardio
93%
Miranda BaileyGeneral
93%
Ellis GreyGeneral
92%
Erica HahnCardio
91%
Teddy AltmanCardio
90%
Amelia ShepherdNeuro
89%
Owen HuntTrauma
87%
George O'MalleyTrauma
87%
Jo WilsonGeneral/OB
86%
Mark SloanPlastics
86%
April KepnerTrauma
86%
Maggie PierceCardio
85%
Callie TorresOrtho
85%
Jackson AveryPlastics
85%
Lexie GreyNeuro
84%
Stephanie EdwardsNeuro
82%
Nathan RiggsCardio
81%
Shane RossCardio
80%
Andrew DeLucaGeneral
80%
Tom KoracickNeuro
78%
Heather BrooksNeuro
77%
Winston NduguCardio
76%
Arizona RobbinsPeds/Fetal
76%
Megan HuntTrauma
76%
Leah MurphyCardio
75%
Atticus "Link" LincolnOrtho
74%
Alex KarevPeds
74%
Addison MontgomeryOB/GYN
73%
Nico KimOrtho
72%
Carina DeLucaOB/GYN
66%
Eliza MinnickSports Medicine/Ortho
66%
Lucy FieldsOB/GYN
60%
Catherine FoxUrology
48%
Nicole HermanFetal
42%
Nick MarshTransplant
27%
Izzie StevensOncology
26%
Ben WarrenAnesthesiology
17%
Cormac HayesPeds
8%

Score Distribution

Percentile by Number Answered

Percent of People with Each Score

Your Score History

You have not taken this quiz